00725nam a22001937a 4500008004100000010001400041020002300055035001300078037001500091040001800106082001500124245019600139260002600335270004300361300002900404500005400433700002100487700002300508090202t xxu||||| |||| 00| 0 eng d aENG-92747 a8185604576c600.00 aEN-76280 bDBAD / PUB adplbEnglish  a863.099287 aWomen in concert:cedited by Shaheen Akhtar and Moushumi Bhowmik; translated from the Bengali by Stree; foreword by Firdous Azimban anthology of Bengali Muslim women's writings (1904-1938) / aKolkata bStreec2008 a16 Southern Avenue, bKolkata e700026 axlvi, 395p.. c22cm (Hb) aIncludes glossary and bibliographical references  aAkhtar, Shaheen  aBhowmik, Moushumi